000 00766nam a22002417a 4500
003 DO-SdBNP
005 20231116104723.0
008 151113b 1986 sp | 00| 0 spa d
020 _a8426430074
040 _aBPMSU
_bspa
_cBPMSU
082 4 _a823.8
_bW671f 1996
_222
092 _axxxx
_bxxxx
100 1 _aWilde, Oscar,
_d1854-1900.
245 1 0 _aEl Fantasma de Canterville /
_cOscar Wilde ; ilustrado por Oski.
260 _aBarcelona :
_bEditorial Lumen,
_c1986.
300 _a85 p. :
_bil. ;
_c21 cm.
490 0 _aGrandes autores,
_v7
650 4 _aCuentos Juveniles ingleses
700 1 _aConti, Oscar Esteban,
_d 1914-1979
_eil.
910 _aLPérez/ VMateo V. Control de calidad. BPMSU
942 _2ddc
_cBK
956 _aBTAVAREZ
_b10
_cBPMSU
_d20180124
_f0038
999 _c8710
_d8710